[Event "SVK-chT1E 2223"]
[Site "Slovakia"]
[Date "2022.11.06"]
[Round "4.6"]
[White "Staffen, Richard"]
[Black "Cisko, Matej"]
[Result "0-1"]
[WhiteElo "1977"]
[BlackElo "2089"]
[PlyCount "84"]
[EventDate "2022.10.15"]
[EventType "team-tourn"]
[EventRounds "11"]
[EventCountry "SVK"]
[SourceTitle "EXT 2024"]
[Source "ChessBase"]
[SourceDate "2023.10.10"]
[SourceVersion "1"]
[SourceVersionDate "2023.10.10"]
[SourceQuality "1"]
[WhiteTeam "Zilina Mladost II"]
[BlackTeam "Kezmarok KdV"]
[WhiteTeamCountry "SVK"]
[BlackTeamCountry "SVK"]

1. d4 Nf6 2. Bf4 c5 3. c3 d5 4. e3 Qb6 5. Qb3 Nc6 6. Nd2 c4 7. Qc2 Nh5 8. Bg5 h6 9. Bh4 g5 10. Be2 Ng7 11. Bg3 Bf5 12. e4 Bg6 13. h4 gxh4 14. Rxh4 e6 15. Bf4 dxe4 16. Nxc4 Qd8 17. Rxh6 Rxh6 18. Bxh6 e3 19. Qb3 exf2+ 20. Kxf2 Qh4+ 21. g3 Qh2+ 22. Kf1 0-0-0 23. Bxg7 Bxg7 24. Rd1 Be4 25. Bf3 Bd5 26. Bxd5 exd5 27. Nd2 Qxg3 28. Qc2 Bh6 29. Ndf3 Qf4 30. Re1 Rg8 31. Qh2 Qf6 32. Qh3+ Kc7 33. Qh2+ Bf4 34. Qh3 Ne7 35. Qh4 Bg5 36. Qh7 Rg6 37. Qh2+ Kb6 38. Qf2 Nf5 39. Re5 Bf4 40. Re8 Ng3+ 41. Ke1 Qf5 42. Nd2 Nh1 0-1

[Event "SVK-chT1E 2223"]
[Site "Slovakia"]
[Date "2022.11.05"]
[Round "3.6"]
[White "Cisko, Matej"]
[Black "Adamko, Peter"]
[Result "1/2-1/2"]
[WhiteElo "2089"]
[BlackElo "2044"]
[PlyCount "70"]
[EventDate "2022.10.15"]
[EventType "team-tourn"]
[EventRounds "11"]
[EventCountry "SVK"]
[SourceTitle "EXT 2024"]
[Source "ChessBase"]
[SourceDate "2023.10.10"]
[SourceVersion "1"]
[SourceVersionDate "2023.10.10"]
[SourceQuality "1"]
[WhiteTeam "Kezmarok KdV"]
[BlackTeam "Cadca"]
[WhiteTeamCountry "SVK"]
[BlackTeamCountry "SVK"]

1. d4 Nf6 2. c4 e6 3. g3 d5 4. Nf3 c6 5. Bg2 Nbd7 6. 0-0 Be7 7. Qc2 0-0 8. Nbd2 Re8 9. e4 dxe4 10. Nxe4 Nxe4 11. Qxe4 Nf6 12. Qc2 c5 13. Rd1 cxd4 14. Nxd4 Qb6 15. Nb3 Bd7 16. Be3 Qc7 17. Rac1 Bc6 18. f3 Red8 19. Nd4 Bc5 20. Kh1 Bxd4 21. Bxd4 e5 22. Bc3 Rxd1+ 23. Rxd1 Re8 24. Re1 Nd7 25. b3 f6 26. Qf5 Qd6 27. Qc2 Nf8 28. Rd1 Qc5 29. Qd2 Ne6 30. Bb4 Qd4 31. Qe1 Qb6 32. Rd6 Nd4 33. Qc3 Ne2 34. Qe1 Nd4 35. Qc3 Ne2 1/2-1/2

[Event "Lesnica Pieniny op"]
[Site "Lesnica"]
[Date "2022.04.11"]
[Round "7"]
[White "Cisko, Matej"]
[Black "Martinka, Jakub"]
[Result "1/2-1/2"]
[WhiteElo "2063"]
[BlackElo "1857"]
[PlyCount "57"]
[EventDate "2022.04.08"]
[EventType "swiss"]
[EventRounds "7"]
[EventCountry "SVK"]
[SourceTitle "CBM 207 Extra"]
[Source "ChessBase"]
[SourceDate "2022.05.31"]
[SourceVersion "1"]
[SourceVersionDate "2022.05.31"]
[SourceQuality "1"]

1. d4 Nf6 2. g3 g6 3. Bg2 Bg7 4. Nf3 d6 5. c4 0-0 6. 0-0 c6 7. Nc3 Bf5 8. Re1 Ne4 9. Nh4 Nxc3 10. bxc3 Bc8 11. Bd2 Nd7 12. Rb1 Nb6 13. Qb3 d5 14. cxd5 cxd5 15. Bc1 Nc4 16. e4 e6 17. Re2 b6 18. exd5 exd5 19. Ba3 Nxa3 20. Qxa3 Be6 21. Nf3 Bf5 22. Rbe1 Be4 23. h4 Rc8 24. Ng5 Bxg2 25. Kxg2 Bf6 26. Nh3 Qd7 27. Nf4 Bxh4 28. Rh1 Bf6 29. Qb3 1/2-1/2

[Event "Lesnica Pieniny op"]
[Site "Lesnica"]
[Date "2022.04.09"]
[Round "2"]
[White "Cisko, Matej"]
[Black "Kapec, Kristian"]
[Result "1-0"]
[WhiteElo "2063"]
[BlackElo "1790"]
[PlyCount "81"]
[EventDate "2022.04.08"]
[EventType "swiss"]
[EventRounds "7"]
[EventCountry "SVK"]
[SourceTitle "CBM 207 Extra"]
[Source "ChessBase"]
[SourceDate "2022.05.31"]
[SourceVersion "1"]
[SourceVersionDate "2022.05.31"]
[SourceQuality "1"]

1. d4 Nf6 2. Nf3 g6 3. c4 Bg7 4. Nc3 d6 5. g3 Nbd7 6. Bg2 c5 7. d5 Ng4 8. 0-0 Nge5 9. Nd2 Nb6 10. f4 Ng4 11. Nf3 0-0 12. Qd3 f5 13. b3 e5 14. dxe6 Bxe6 15. Ng5 Qf6 16. Bb2 Qd4+ 17. Kh1 Bc8 18. Qf3 Qd2 19. Rab1 Ne3 20. Bc1 Nxf1 21. Bxd2 Nxd2 22. Qd3 Nxb1 23. Nxb1 h6 24. Nh3 Rf6 25. a4 a5 26. Nc3 Rb8 27. Nb5 Bf8 28. Qc3 Nd7 29. Qxa5 b6 30. Qa7 Kh8 31. Bc6 Bb7 32. Bxb7 Rd8 33. Bd5 Be7 34. Bc6 Rf7 35. Bxd7 Bf6 36. Qxb6 Rfxd7 37. a5 Ra8 38. a6 Be7 39. a7 d5 40. Qc6 Rdd8 41. Qxg6 1-0

[Event "SVK-chT2D 2122"]
[Site "Slovakia"]
[Date "2022.03.05"]
[Round "6.5"]
[White "Cisko, Matej"]
[Black "Kopnicky, Vladimir"]
[Result "1/2-1/2"]
[WhiteElo "2063"]
[BlackElo "2081"]
[PlyCount "106"]
[EventDate "2021.10.16"]
[EventType "team-tourn"]
[EventRounds "11"]
[EventCountry "SVK"]
[SourceTitle "EXT 2023"]
[Source "ChessBase"]
[SourceDate "2022.10.05"]
[SourceVersion "1"]
[SourceVersionDate "2022.10.05"]
[SourceQuality "1"]
[WhiteTeam "Kezmarok"]
[BlackTeam "Poprad LS VD"]
[WhiteTeamCountry "SVK"]
[BlackTeamCountry "SVK"]

1. d4 Nf6 2. c4 e6 3. g3 c5 4. Nf3 cxd4 5. Nxd4 Qc7 6. Bg2 Bb4+ 7. Nc3 Qxc4 8. 0-0 0-0 9. Bg5 Bxc3 10. bxc3 Nd5 11. e4 Nxc3 12. Rc1 Qxd4 13. Qc2 Nc6 14. Be3 Qc4 15. Qxc3 Qxc3 16. Rxc3 d6 17. Rd1 e5 18. Rxd6 Be6 19. Rd2 Rfd8 20. Rb2 Rd7 21. f4 f6 22. Bf1 Rad8 23. Bb5 Rd1+ 24. Kg2 Nd4 25. f5 Bxa2 26. Ba4 Ra1 27. Ra3 Nxf5 28. Bxa7 Nd6 29. Raxa2 Rxa2 30. Bb3+ Kf8 31. Bxa2 Nxe4 32. Kf3 Ng5+ 33. Ke3 Rd7 34. h4 Nf7 35. Bc5+ Ke8 36. Bb3 Nd8 37. Ba4 Nc6 38. Rxb7 Rxb7 39. Bxc6+ Rd7 40. Bxd7+ Kxd7 41. Kf3 Ke6 42. Kg4 g6 43. Be3 h5+ 44. Kf3 Kf5 45. Bb6 g5 46. Bd8 gxh4 47. gxh4 Ke6 48. Ke4 f5+ 49. Kd3 Kd5 50. Bg5 f4 51. Bh6 e4+ 52. Kc3 Ke5 53. Kd2 Kf5 1/2-1/2

[Event "SVK-chT2D 1516"]
[Site "Slovakia"]
[Date "2016.03.12"]
[Round "10.3"]
[White "Ackerman, Ernest"]
[Black "Cisko, Matej"]
[Result "1/2-1/2"]
[WhiteElo "2090"]
[BlackElo "2002"]
[PlyCount "22"]
[EventDate "2015.10.17"]
[EventType "team-tourn"]
[EventRounds "11"]
[EventCountry "SVK"]
[SourceTitle "EXT 2017"]
[Source "ChessBase"]
[SourceDate "2016.10.25"]
[SourceVersion "1"]
[SourceVersionDate "2016.10.25"]
[SourceQuality "1"]
[WhiteTeam "Kosice Dynamo"]
[BlackTeam "Spisska Stara Ves"]
[WhiteTeamCountry "SVK"]
[BlackTeamCountry "SVK"]

1. c4 Nf6 2. Nc3 g6 3. g3 Bg7 4. Bg2 0-0 5. Nf3 c6 6. 0-0 d5 7. cxd5 cxd5 8. d4 Nc6 9. e3 Rb8 10. a3 b5 11. Bd2 b4 1/2-1/2

[Event "SVK-chT2D 1516"]
[Site "Slovakia"]
[Date "2015.11.08"]
[Round "4.3"]
[White "Pavlik, Milan"]
[Black "Cisko, Matej"]
[Result "1-0"]
[WhiteElo "2010"]
[BlackElo "2002"]
[PlyCount "57"]
[EventDate "2015.10.17"]
[EventType "team-tourn"]
[EventRounds "11"]
[EventCountry "SVK"]
[SourceTitle "CBM 169 Extra"]
[Source "ChessBase"]
[SourceDate "2015.12.18"]
[SourceVersion "1"]
[SourceVersionDate "2015.12.18"]
[SourceQuality "1"]
[WhiteTeam "Sabinov II"]
[BlackTeam "Spisska Stara Ves"]
[WhiteTeamCountry "SVK"]
[BlackTeamCountry "SVK"]

1. e4 c5 2. Nf3 Nc6 3. Bb5 d6 4. 0-0 g6 5. Re1 Bg7 6. c3 Nh6 7. d4 cxd4 8. cxd4 0-0 9. h3 f5 10. Nc3 fxe4 11. Nxe4 Nf7 12. Bxc6 bxc6 13. Neg5 Rb8 14. Qe2 Rb5 15. Nxf7 Rxf7 16. Ng5 Rf8 17. Qc4+ d5 18. Qxc6 Rb6 19. Qc3 Rbf6 20. f4 Qd6 21. Bd2 h6 22. Nf3 g5 23. Qb3 a5 24. Re5 Be6 25. Rc1 g4 26. hxg4 Bxg4 27. Rxd5 Be6 28. Rxd6 Bxb3 29. Rxf6 1-0

[Event "SVK-chT U20"]
[Site "Stara Lubovna"]
[Date "2015.05.02"]
[Round "2.1"]
[White "Cisko, Matej"]
[Black "Molnar, Erno"]
[Result "0-1"]
[WhiteElo "2009"]
[BlackElo "2013"]
[PlyCount "112"]
[EventDate "2015.05.01"]
[EventType "team-tourn"]
[EventRounds "5"]
[EventCountry "SVK"]
[SourceTitle "EXT 2016"]
[Source "ChessBase"]
[SourceDate "2015.10.08"]
[SourceVersion "1"]
[SourceVersionDate "2015.10.08"]
[SourceQuality "1"]
[WhiteTeam "Lendak"]
[BlackTeam "Komarno"]
[WhiteTeamCountry "SVK"]
[BlackTeamCountry "SVK"]

1. e4 c5 2. Nf3 Nc6 3. Nc3 d6 4. d4 cxd4 5. Nxd4 e5 6. Nf5 Bxf5 7. exf5 Qd7 8. Bc4 Qxf5 9. 0-0 Nf6 10. Nd5 Nxd5 11. Bxd5 Be7 12. f4 0-0 13. g4 Qc8 14. f5 Nb4 15. Bb3 Qc5+ 16. Kg2 Rad8 17. c3 Qc6+ 18. Kg3 Na6 19. Bd5 Qc5 20. g5 Nc7 21. c4 Nxd5 22. cxd5 Rc8 23. f6 Bd8 24. fxg7 Kxg7 25. Qg4 Qc4 26. Qf5 Be7 27. Be3 Qxd5 28. Qh3 Qe6 29. Rf5 Rc2 30. Raf1 Qg6 31. Qg4 Kh8 32. h4 h5 33. Qe4 Rc7 34. Bd2 Bd8 35. Bc3 Kh7 36. Qd5 a6 37. Ba5 Rc5 38. Rxf7+ Rxf7 39. Rxf7+ Kg8 40. Rf6+ Rxd5 41. Rxg6+ Kf7 42. Rh6 Rxa5 43. Rxh5 Rb5 44. b3 Kg7 45. Rh6 Rb6 46. Kg4 d5 47. Kf5 Rxh6 48. gxh6+ Kxh6 49. Kxe5 Bxh4 50. Kxd5 Bf2 51. b4 b6 52. Kc4 Kg6 53. a4 Kf6 54. a5 bxa5 55. b5 axb5+ 56. Kxb5 Be1 0-1

[Event "SVK-ch U18"]
[Site "Tatralandia"]
[Date "2015.04.25"]
[Round "9"]
[White "Jakubik, Matej"]
[Black "Cisko, Matej"]
[Result "1/2-1/2"]
[WhiteElo "1733"]
[BlackElo "2076"]
[PlyCount "68"]
[EventDate "2015.04.18"]
[EventType "swiss"]
[EventRounds "9"]
[EventCountry "SVK"]
[SourceTitle "CBM 166 Extra"]
[Source "ChessBase"]
[SourceDate "2015.06.18"]
[SourceVersion "1"]
[SourceVersionDate "2015.06.18"]
[SourceQuality "1"]

1. d4 Nf6 2. c4 c5 3. d5 b5 4. cxb5 a6 5. bxa6 g6 6. Nc3 Bxa6 7. e4 Bxf1 8. Kxf1 d6 9. Nf3 Bg7 10. g3 0-0 11. Kg2 Nfd7 12. Re1 Na6 13. Re2 Qa5 14. Bg5 Rfe8 15. Rc1 c4 16. Bd2 Nac5 17. Rc2 Rab8 18. a3 Rb3 19. Na2 Qa6 20. Bc3 Nf6 21. Nb4 Qa4 22. Nd4 Nfxe4 23. Nxb3 Nxc3 24. Nxc5 dxc5 25. bxc3 cxb4 26. axb4 Bxc3 27. Qc1 Bxb4 28. Rxc4 Qb5 29. f3 Bd6 30. Rd2 Qb8 31. Qb2 Qa7 32. Qd4 Qd7 33. Rdc2 Qf5 34. Qe4 Qd7 1/2-1/2

[Event "SVK-ch U18"]
[Site "Tatralandia"]
[Date "2015.04.23"]
[Round "7"]
[White "Holtman, Teodor"]
[Black "Cisko, Matej"]
[Result "1-0"]
[WhiteElo "2111"]
[BlackElo "2076"]
[PlyCount "72"]
[EventDate "2015.04.18"]
[EventType "swiss"]
[EventRounds "9"]
[EventCountry "SVK"]
[SourceTitle "CBM 166 Extra"]
[Source "ChessBase"]
[SourceDate "2015.06.18"]
[SourceVersion "1"]
[SourceVersionDate "2015.06.18"]
[SourceQuality "1"]

1. e4 c5 2. Nf3 Nf6 3. Nc3 d5 4. exd5 Nxd5 5. Bc4 Nb6 6. Bb5+ Bd7 7. Ne5 Bxb5 8. Nxb5 g6 9. Qf3 f6 10. Qxb7 fxe5 11. Nc7+ Kf7 12. Nxa8 Nd5 13. 0-0 Bh6 14. c4 Nf4 15. Nc7 Qd3 16. Qf3 e4 17. Qxd3 exd3 18. Nb5 Nc6 19. Nc3 Nd4 20. Ne4 Rb8 21. b3 Bg7 22. Rb1 Nde2+ 23. Kh1 Nxc1 24. Rfxc1 Bd4 25. g3 Ne2 26. Rf1 a5 27. f4 Ke6 28. Rf3 Kf5 29. Nf2 Bxf2 30. Rxf2 Ke4 31. Kg2 Kd4 32. Rf3 a4 33. Re3 axb3 34. axb3 Nc3 35. Rbe1 Ne2 36. Kf3 Nc3 1-0

[Event "SVK-chT2D 14/15"]
[Site "Slovakia"]
[Date "2015.02.15"]
[Round "9.4"]
[White "Cisko, Matej"]
[Black "Csala, Jan"]
[Result "0-1"]
[WhiteElo "1928"]
[BlackElo "2123"]
[PlyCount "118"]
[EventDate "2014.10.11"]
[EventType "team-tourn"]
[EventRounds "11"]
[EventCountry "SVK"]
[SourceTitle "EXT 2019"]
[Source "ChessBase"]
[SourceDate "2018.10.10"]
[SourceVersion "1"]
[SourceVersionDate "2018.10.10"]
[SourceQuality "1"]
[WhiteTeam "Spisska Stara Ves"]
[BlackTeam "Moldava nad Bodvou"]
[WhiteTeamCountry "SVK"]
[BlackTeamCountry "SVK"]

1. Nf3 Nf6 2. c4 g6 3. Nc3 Bg7 4. e4 d6 5. d4 0-0 6. Be2 Nbd7 7. Be3 c5 8. 0-0 b6 9. Ne1 cxd4 10. Bxd4 Bb7 11. f3 Rc8 12. Nc2 Re8 13. Kh1 Qc7 14. a4 Nc5 15. Ra3 a5 16. Nb5 Qd8 17. Qa1 Ne6 18. Bc3 Nf4 19. Qe1 Nd7 20. Ncd4 Ne5 21. b3 e6 22. Qd2 Nxe2 23. Nxe2 d5 24. cxd5 exd5 25. exd5 Bxd5 26. Nf4 Rc5 27. Bd4 Ba8 28. Ra2 Rxb5 29. axb5 Nxf3 30. gxf3 Bxd4 31. b4 axb4 32. Rxa8 Qxa8 33. Qxd4 Rd8 34. Qf6 Rd1 35. Rxd1 Qxf3+ 36. Kg1 Qxd1+ 37. Kg2 Qc2+ 38. Kg3 Qc5 39. Qd8+ Kg7 40. Qd3 Qg1+ 41. Ng2 Qc5 42. Nf4 Qg5+ 43. Kf3 Qf6 44. Ke3 Qe5+ 45. Qe4 Qxb5 46. Qd4+ Kh6 47. Nd5 Qc5 48. Nxb6 Qxd4+ 49. Kxd4 Kg5 50. Nd5 b3 51. Kc3 Kh4 52. Kxb3 Kh3 53. Kc3 Kxh2 54. Kd4 Kg3 55. Nf6 h5 56. Ke3 h4 57. Ke2 Kg2 58. Nd5 h3 59. Ne3+ Kg1 0-1

[Event "SVK-ch U16"]
[Site "Stara Lubovna"]
[Date "2014.04.07"]
[Round "3"]
[White "Cisko, Matej"]
[Black "Chovan, Milan"]
[Result "0-1"]
[WhiteElo "1910"]
[BlackElo "1868"]
[PlyCount "90"]
[EventDate "2014.04.05"]
[EventType "swiss"]
[EventRounds "9"]
[EventCountry "SVK"]
[SourceTitle "EXT 2016"]
[Source "ChessBase"]
[SourceDate "2015.10.08"]
[SourceVersion "1"]
[SourceVersionDate "2015.10.08"]
[SourceQuality "1"]

1. e4 c5 2. Nf3 d6 3. d4 cxd4 4. Nxd4 Nf6 5. Nc3 a6 6. Be2 e6 7. Be3 b5 8. f3 Nbd7 9. 0-0 Bb7 10. a4 b4 11. Na2 d5 12. exd5 Nxd5 13. Bf2 Bd6 14. Nc1 0-0 15. Nd3 Rc8 16. Nb3 Qc7 17. Qe1 Bxh2+ 18. Kh1 Bd6 19. Nd2 N7f6 20. Bd1 Nf4 21. Bh4 N6h5 22. Ne4 Bxe4 23. fxe4 Nxd3 24. cxd3 Ng3+ 25. Bxg3 Bxg3 26. Qe3 Be5 27. d4 Qb6 28. Qf3 Qxd4 29. Bb3 Qxb2 30. Rad1 Qc3 31. Rd3 Qc7 32. Qh5 g6 33. Qg4 Qe7 34. Rdf3 h5 35. Qh3 Rc3 36. Ba2 Rxf3 37. gxf3 Bf4 38. Rg1 Kg7 39. Bb1 Rd8 40. e5 Rd2 41. Rg2 Rxg2 42. Kxg2 Qg5+ 43. Kf2 Qxe5 44. Be4 b3 45. Qf1 Qb2+ 0-1

[Event "SVK-ch U16"]
[Site "Stara Lubovna"]
[Date "2014.04.06"]
[Round "2"]
[White "Puskar, Peter"]
[Black "Cisko, Matej"]
[Result "1/2-1/2"]
[WhiteElo "2063"]
[BlackElo "1910"]
[PlyCount "142"]
[EventDate "2014.04.05"]
[EventType "swiss"]
[EventRounds "9"]
[EventCountry "SVK"]
[SourceTitle "EXT 2016"]
[Source "ChessBase"]
[SourceDate "2015.10.08"]
[SourceVersion "1"]
[SourceVersionDate "2015.10.08"]
[SourceQuality "1"]

1. d4 Nf6 2. Nf3 d6 3. g3 g6 4. Bg2 Bg7 5. 0-0 0-0 6. c4 c6 7. Nc3 Nbd7 8. e4 e5 9. d5 Nc5 10. Ne1 Ne8 11. b4 Nd7 12. Be3 c5 13. bxc5 Nxc5 14. Nd3 b6 15. Nb4 Bd7 16. Bxc5 dxc5 17. Nc2 Nd6 18. Qd3 f5 19. a4 f4 20. Nb5 Bxb5 21. axb5 g5 22. Bh3 Kh8 23. Be6 Re8 24. Ra3 Re7 25. Rfa1 Qe8 26. Ra6 Qd8 27. R1a3 Ne8 28. R6a4 Qd6 29. Ne1 h5 30. Nf3 Bf6 31. Nd2 g4 32. h3 Ng7 33. hxg4 Nxe6 34. dxe6 Qxd3 35. Rxd3 hxg4 36. Nf1 Kg7 37. Nh2 Kg6 38. Nxg4 Kg5 39. Nxf6 Kxf6 40. gxf4 exf4 41. Kg2 Kxe6 42. Kf3 Rf7 43. Ra1 Rh8 44. Rad1 Rh3+ 45. Ke2 Rxd3 46. Rxd3 Ke5 47. Kf3 Ke6 48. Rd5 Rf8 49. Kg4 Rf7 50. f3 Rf8 51. Kg5 Rf7 52. Rd8 Ke7 53. Rd5 Ke6 54. Rf5 Rd7 55. Kxf4 Rd4 56. Rh5 Rxc4 57. Rh6+ Ke7 58. Kf5 Rb4 59. e5 c4 60. Rh7+ Kd8 61. Ke6 c3 62. Rh8+ Kc7 63. Rh1 Rxb5 64. f4 Rc5 65. Kf7 c2 66. e6 c1Q 67. Rxc1 Rxc1 68. e7 Re1 69. e8Q Rxe8 70. Kxe8 Kd6 71. Kf7 a5 1/2-1/2

[Event "SVK-ch U16"]
[Site "Stara Lubovna"]
[Date "2014.04.05"]
[Round "1"]
[White "Cisko, Matej"]
[Black "Janosik, Juraj"]
[Result "1-0"]
[WhiteElo "1910"]
[BlackElo "1000"]
[PlyCount "65"]
[EventDate "2014.04.05"]
[EventType "swiss"]
[EventRounds "9"]
[EventCountry "SVK"]
[SourceTitle "EXT 2016"]
[Source "ChessBase"]
[SourceDate "2015.10.08"]
[SourceVersion "1"]
[SourceVersionDate "2015.10.08"]
[SourceQuality "1"]

1. d4 Nf6 2. Nf3 e6 3. g3 c5 4. Bg2 Nc6 5. e3 b6 6. 0-0 Be7 7. c4 Ba6 8. b3 d5 9. Nbd2 0-0 10. Re1 Rc8 11. Bb2 Nb4 12. Ne5 Bd6 13. a3 Bxe5 14. axb4 Bxc4 15. dxe5 Bxb3 16. Nxb3 Nd7 17. bxc5 bxc5 18. Ba3 Re8 19. f4 f6 20. e4 Qb6 21. exd5 exd5 22. Qxd5+ Kh8 23. Kh1 fxe5 24. Qxd7 Qxb3 25. Rxe5 Red8 26. Qe6 Qc3 27. Rae1 h6 28. R5e3 Qa5 29. Bh3 Rc7 30. Bf5 Qxe1+ 31. Rxe1 Rcc8 32. Qxc8 Rxc8 33. Bxc8 1-0

[Event "SVK-chT2D 1314"]
[Site "Slovakia"]
[Date "2014.01.12"]
[Round "6.4"]
[White "Kendi, Stefan"]
[Black "Cisko, Matej"]
[Result "0-1"]
[WhiteElo "1992"]
[BlackElo "1947"]
[PlyCount "62"]
[EventDate "2013.10.19"]
[EventType "team-tourn"]
[EventRounds "11"]
[EventCountry "SVK"]
[SourceTitle "EXT 2015"]
[Source "ChessBase"]
[SourceDate "2014.11.20"]
[SourceVersion "1"]
[SourceVersionDate "2014.11.20"]
[SourceQuality "1"]
[WhiteTeam "Velke Kapusany"]
[BlackTeam "Kosice Slavia TU IV"]
[WhiteTeamCountry "SVK"]
[BlackTeamCountry "SVK"]

1. e4 c5 2. Nf3 d6 3. d4 cxd4 4. Nxd4 Nf6 5. Nc3 Nc6 6. Be2 e5 7. Nb3 a5 8. Be3 Be7 9. 0-0 a4 10. Nd2 0-0 11. Nc4 b5 12. Nxb5 Ba6 13. Nba3 d5 14. Nb6 Bxe2 15. Qxe2 d4 16. Nxa8 dxe3 17. Qxe3 Qxa8 18. c3 Na5 19. Rfe1 Qb7 20. Rab1 Rc8 21. Qd3 Bc5 22. h3 Qb6 23. Qc2 Nh5 24. Qe2 Nf4 25. Qf3 Rc6 26. Kh2 Rf6 27. Qg4 h5 28. Qc8+ Kh7 29. Red1 Bxf2 30. Rd8 Qe3 31. Rh8+ Kg6 0-1

[Event "SVK-chT U20 final"]
[Site "Liptovsky Hradok"]
[Date "2013.05.05"]
[Round "5.2"]
[White "Mraz, Ondrej"]
[Black "Cisko, Matej"]
[Result "1-0"]
[WhiteElo "1997"]
[BlackElo "1929"]
[PlyCount "39"]
[EventDate "2013.05.03"]
[EventType "team-tourn"]
[EventRounds "5"]
[EventCountry "SVK"]
[SourceTitle "EXT 2022"]
[Source "ChessBase"]
[SourceDate "2021.10.06"]
[SourceVersion "1"]
[SourceVersionDate "2021.10.06"]
[SourceQuality "1"]
[WhiteTeam "Liptov Chess School U20"]
[BlackTeam "Banska Bystrica Junior U20"]
[WhiteTeamCountry "SVK"]
[BlackTeamCountry "SVK"]

1. e4 e6 2. d4 d5 3. Nd2 Nf6 4. e5 Nfd7 5. Bd3 c5 6. c3 Nc6 7. Ne2 cxd4 8. cxd4 f6 9. exf6 Nxf6 10. Nf3 Bd6 11. Bf4 Nxd4 12. Nfxd4 e5 13. Be3 exd4 14. Bxd4 0-0 15. Qc2 Kh8 16. 0-0 Bxh2+ 17. Kxh2 Ng4+ 18. Kg1 Qh4 19. Qc7 Bf5 20. Qxg7# 1-0

[Event "SVK-ch U14"]
[Site "Lubovnianske Kupele"]
[Date "2012.03.22"]
[Round "7"]
[White "Kotora, Matus"]
[Black "Cisko, Matej"]
[Result "0-1"]
[WhiteElo "1292"]
[BlackElo "1951"]
[PlyCount "109"]
[EventDate "2012.03.17"]
[EventType "swiss"]
[EventRounds "9"]
[EventCountry "SVK"]
[SourceTitle "CBM 147 Extra"]
[Source "ChessBase"]
[SourceDate "2012.04.24"]
[SourceVersion "1"]
[SourceVersionDate "2012.04.24"]
[SourceQuality "1"]

1. e4 c5 2. d4 cxd4 3. Qxd4 Nc6 4. Qd1 Nf6 5. Nc3 a6 6. Nf3 d6 7. Be2 b5 8. 0-0 b4 9. Nd5 Nxe4 10. Re1 Nc5 11. Nd4 Nxd4 12. Qxd4 a5 13. Bb5+ Bd7 14. Bxd7+ Nxd7 15. a3 bxa3 16. Rxa3 e5 17. Qe4 Rc8 18. Qe2 Rc5 19. c4 Nf6 20. Bg5 Be7 21. Bxf6 Bxf6 22. Rf3 Bg5 23. Rh3 0-0 24. Qc2 f5 25. g4 Qc8 26. Rh5 Rxc4 27. Rxg5 Rxc2 28. Ne7+ Kh8 29. Nxc8 Rfxc8 30. Rxf5 Rxb2 31. Ra1 Rb5 32. Kg2 h6 33. Rf3 d5 34. h4 d4 35. Rd3 Rc3 36. Rdd1 Kg8 37. g5 hxg5 38. hxg5 Kf7 39. f3 Ke6 40. Re1 Kf5 41. Re4 d3 42. Rd1 Rb4 43. Re3 Rd4 44. Kg3 a4 45. Rde1 Rd5 46. Rd1 a3 47. Ree1 d2 48. Rf1 a2 49. Kf2 Rdd3 50. Ke2 Kf4 51. g6 Re3+ 52. Kf2 Rxf3+ 53. Ke2 Rxf1 54. Rxf1+ Ke4 55. Kf2 0-1

[Event "SVK-ch U14"]
[Site "Lubovnianske Kupele"]
[Date "2012.03.19"]
[Round "3"]
[White "Cisko, Matej"]
[Black "Puskar, David"]
[Result "1/2-1/2"]
[WhiteElo "1951"]
[BlackElo "1499"]
[PlyCount "180"]
[EventDate "2012.03.17"]
[EventType "swiss"]
[EventRounds "9"]
[EventCountry "SVK"]
[SourceTitle "CBM 147 Extra"]
[Source "ChessBase"]
[SourceDate "2012.04.24"]
[SourceVersion "1"]
[SourceVersionDate "2012.04.24"]
[SourceQuality "1"]

1. e4 e6 2. d4 d5 3. Nc3 Ne7 4. Bf4 Ng6 5. Be3 Be7 6. Nf3 0-0 7. Bd3 Nc6 8. a3 a6 9. Qe2 b5 10. Na2 Bb7 11. g4 Na5 12. e5 Nc4 13. Bc1 c5 14. b3 Nb6 15. dxc5 Bxc5 16. b4 Be7 17. Nd4 Nc4 18. f4 Bh4+ 19. Kd1 Qb6 20. c3 Rac8 21. Rg1 Rc6 22. Bxc4 Rxc4 23. Qe3 Bd8 24. f5 Ne7 25. h4 Nc6 26. Nxc6 Bxc6 27. Qg3 Bxh4 28. Qg2 d4 29. Qh2 d3 30. Rf1 Qd8 31. Qh3 Bg5 32. f6 gxf6 33. exf6 Bxf6 34. Bh6 Bg7 35. g5 Be4 36. Kd2 Bf5 37. Rxf5 exf5 38. Qxf5 Qd6 39. Bxg7 Kxg7 40. Rf1 Qh2+ 41. Rf2 Qd6 42. Nc1 Qg6 43. Qe5+ Kg8 44. Rf6 Qe4 45. Qxe4 Rxe4 46. Kxd3 Rg4 47. Rxa6 Rxg5 48. Nb3 Rd8+ 49. Nd4 Rc8 50. Kc2 Rd5 51. Kb3 Kg7 52. Rb6 h5 53. Nxb5 h4 54. a4 h3 55. a5 h2 56. a6 h1Q 57. a7 Qb1+ 58. Ka4 Rxb5 59. Kxb5 Qd3+ 60. Ka5 Ra8 61. Rb7 Qd5+ 62. Kb6 Qd6+ 63. Ka5 Qd8+ 64. Ka6 Qd3+ 65. b5 Qd6+ 66. b6 Qd3+ 67. Ka5 Qd5+ 68. Ka6 Qc4+ 69. Ka5 Qf4 70. Rc7 Qe5+ 71. Ka6 Qe4 72. c4 Qd4 73. c5 Qe4 74. c6 Qe8 75. Rd7 Qc8+ 76. Kb5 Qe8 77. Rc7 Qd8 78. Rd7 Qe8 79. Rc7 Rc8 80. Rxc8 Qxc8 81. b7 Qf5+ 82. Kb6 Qf2+ 83. Ka6 Qe2+ 84. Kb6 Qe3+ 85. Ka6 Qd3+ 86. Ka5 Qd5+ 87. Kb6 Qd8+ 88. Ka6 Qd3+ 89. Ka5 Qa3+ 90. Kb6 Qb4+ 1/2-1/2